Aplikácia medzinárodných účtovných štandardov v Slovenskej republike v oblasti finančných investícií

Guardado en:
Detalles Bibliográficos
Autor principal: Máziková, Katarína
Formato: Capítulo de libro
Lenguaje:eslovaco
Etiquetas: Agregar Etiqueta
Sin Etiquetas, Sea el primero en etiquetar este registro!

MARC

LEADER 00000naa$a2200000$$$4500
001 0118113
005 20240502072324.5
041 0 |a slo 
044 |a SK 
245 1 0 |a Aplikácia medzinárodných účtovných štandardov v Slovenskej republike v oblasti finančných investícií  |c Katarína Máziková 
100 1 |a Máziková, Katarína